European Countries Without N - Statistics

General Stats
  • This quiz has been taken 254 times
  • The average score is 14 of 17
Answer Stats
Country % Correct
Portugal
92%
Belgium
91%
Russia
90%
Croatia
88%
Italy
88%
Greece
86%
Latvia
86%
Belarus
85%
Austria
84%
Kosovo
84%
Bulgaria
83%
Serbia
83%
Malta
82%
Czechia
80%
Slovakia
80%
Luxembourg
79%
Moldova
75%
No matching quizzes found
Score Distribution
Percent of People with Each Score
Percentile by Number Answered
Your Score History
You have not taken this quiz